| 000 | 00752nam a22002177a 4500 | ||
|---|---|---|---|
| 005 | 20250217165326.0 | ||
| 008 | 250217b ||||| |||| 00| 0 eng d | ||
| 020 | _a9788195680740 | ||
| 040 | _cAL | ||
| 041 | _aKonkani | ||
| 082 |
_223 _a891.468 _bQUAJ |
||
| 100 |
_aStephen Quadros _9200437 |
||
| 100 |
_dಸ್ಟೀವನ್ ಕ್ವಾಡ್ರಸ್ _9200438 |
||
| 245 |
_aJamyantlyaan _bಜಮ್ಯಾಂತ್ಲ್ಯಾನ್ |
||
| 260 |
_aMangaluru _bSt Aloysius Prakashana _c2023 |
||
| 300 |
_a176 p. _bPB _c21x14 cm. |
||
| 365 |
_b₹200.00 _c₹ _d₹200.00 |
||
| 650 |
_aCollection of konkani aricles by Stephen Quadros Permude _9200439 |
||
| 650 |
_aಸ್ಟೀವನ್ ಕ್ವಾಡ್ರಸ್ _9200440 |
||
| 942 |
_2ddc _cBK |
||
| 999 |
_c233819 _d233819 |
||